Mati ki Kahani: Is Lashkar ko Jaan Pyari Hai (Record no. 527895)

000 -LEADER
fixed length control field 00322nam a22001217a 4500
040 ## - CATALOGING SOURCE
Transcribing agency DLC
082 ## - DEWEY DECIMAL CLASSIFICATION NUMBER
Classification number 891.4393
Author Mark AHM
100 ## - MAIN ENTRY--PERSONAL NAME
Personal name Ahmed, Maj. Aftab
9 (RLIN) 19391
245 ## - TITLE STATEMENT
Title Mati ki Kahani: Is Lashkar ko Jaan Pyari Hai
Statement of responsibility, etc. Maj. Aftab Ahmed
260 ## - PUBLICATION, DISTRIBUTION, ETC.
Place of publication, distribution, etc. Lahore
Name of publisher, distributor, etc. Jamhori Publications
Date of publication, distribution, etc. 2010
300 ## - PHYSICAL DESCRIPTION
Extent 411
942 ## - ADDED ENTRY ELEMENTS (KOHA)
Source of classification or shelving scheme
Koha item type Book
Holdings
Withdrawn status Lost status Source of classification or shelving scheme Damaged status Not for loan Permanent Location Current Location Date acquired Total Checkouts Full call number Barcode Date last seen Date last checked out Price effective from Koha item type
          School of Civil and Environmental Engineering (SCEE) School of Civil and Environmental Engineering (SCEE) 08/21/2019 2 891.4393 AHM NIT-8748 01/04/2022 12/15/2021 08/21/2019 Book
© 2023 Central Library, National University of Sciences and Technology. All Rights Reserved.